00767cam a22002051a 450000100100000000500170001000800410002704000250006808200200009310000170011324501120013026000410024230000240028350000370030750500480034465000540039265000540044670000420050070000190054200000426020200929151422.0740408m19uu sp a b 000 0 spa  aDO-SdBNPcspadBNPHU aH860.9bM527ó1 aNervo, Amado10aObras completas de Amado Nervo /cAMado Nervo ; texto al cuidado de Alfonso Reyes ; ilustraciones de Marco. a[Madrid] :bBiblioteca Nueva,c190-? av. :bil. ;c21 cm. ala biblioteca posee los vs. 6,150 av. 6 : El donador de almasrPascal Aguilera 4aLiteratura hispanoamericanaxHistoria y crítica 4aLireratura puertorriqueñaxHistoria y crítica 2aAguilera, PascaltEl donador de almas 2aReyes, Alfonso